Federally Recognized Tribes of Oklahoma - Statistics

General Stats
  • This quiz has been taken 3 times
  • The average score is 13 of 33
Answer Stats
Answer % Correct
Cherokee
100%
Choctaw
100%
Kickapoo
100%
Kiowa
100%
Pawnee
100%
Absentee-Shawnee
50%
Apache
50%
Cheyenne and Arapaho
50%
Chickisaw
50%
Comanche
50%
Eastern Shawnee
50%
Kaw
50%
Muscogee Creek
50%
Osage
50%
Otoe-Missouria
50%
Ponca
50%
Potawatomi
50%
Quapaw
50%
Sac & Fox
50%
Seminole
50%
Wichita
50%
Alabama- Quassarte
0%
Caddo
0%
Delaware
0%
Iowa
0%
Kialegee
0%
Miami
0%
Modoc
0%
Ottawa
0%
Peoria
0%
Seneca- Cayuga
0%
Tonkawa
0%
Wyandotte
0%
No matching quizzes found
Score Distribution
Percent of People with Each Score
Percentile by Number Answered
Your Score History
You have not taken this quiz